000 00289nam a22001337a 4500
008 170808b xxu||||| |||| 00| 0 eng d
020 _a9780521542043
041 _aeng
080 _a004
100 _a35
101 _aSHK
245 _aTALKING WITH COMPUTERS
_cDEAN,TH
942 _2udc
_cBK
999 _c22911
_d22911